| 000 | 01231 a2200205 4500 | ||
|---|---|---|---|
| 001 | 27523 | ||
| 005 | 20260407155550.0 | ||
| 008 | 260407a1993 arg spa d | ||
| 003 | AR-UNSa-BCEJYS | ||
| 040 |
_aAR-UNSa-BCEJYS _bspa _cAR-UNSa-BCEJYS |
||
| 080 |
_a349.2 _xDerecho del Trabajo |
||
| 245 | 1 | 0 | _aCurso de derecho del trabajo y de la seguridad social |
| 020 | _a950-508-392-0 | ||
| 264 | 1 |
_aBuenos Aires : _bAstrea _c1993 |
|
| 300 |
_axlvii, 822 p. _c20 cm. |
||
| 505 | _a1. El trabajo humano - 2. Política social y laboral - 3. Derecho del trabajo. Fundamentos - 4. Relación jurídica individual - 5. Desarrollo de la relación - 6. Alteraciones en el desarrollo de la relación - 7. Extinción de la relación laboral - 8. Relaciones jurídicas colectivas - 9. Relación de asociación - 10. Relación de negociación - 11. Relación de conflicto - 12. Relaciones jurídicas con el estado - 13. Derecho Internacional Público - 14. Prescripción y caducidad - 15. Seguridad social - 16. Instituciones jurídicas de la seguridad social - 17. Sistema legal argentino - 18. Régimen contencioso de la seguridad social. | ||
| 942 | _cBK | ||
| 590 | _aniveau_biblio:m niveau_hierar:0 | ||
| 100 | 1 | _aRodríguez Mancini, Jorge | |
| 999 |
_c1602 _d1602 |
||